Làng cổ truyền Việt Nam
Giới thiệu về những tập tục, những nét đặc sắc về làng cổ truyền Việt Nam
Guardat en:
| Autor principal: | |
|---|---|
| Format: | Llibre |
| Idioma: | Undetermined |
| Publicat: |
Hà Nội
Thanh Niên
2004
|
| Matèries: | |
| Etiquetes: |
Afegir etiqueta
Sense etiquetes, Sigues el primer a etiquetar aquest registre!
|
| Thư viện lưu trữ: | Trung tâm Học liệu Trường Đại học Cần Thơ |
|---|
| LEADER | 00700nam a2200217Ia 4500 | ||
|---|---|---|---|
| 001 | CTU_93693 | ||
| 008 | 210402s9999 xx 000 0 und d | ||
| 020 | |c 54000 | ||
| 082 | |a 307.72 | ||
| 082 | |b Kh107 | ||
| 100 | |a Vũ, Ngọc Khánh | ||
| 245 | 0 | |a Làng cổ truyền Việt Nam | |
| 245 | 0 | |c Vũ Ngọc Khánh | |
| 260 | |a Hà Nội | ||
| 260 | |b Thanh Niên | ||
| 260 | |c 2004 | ||
| 520 | |a Giới thiệu về những tập tục, những nét đặc sắc về làng cổ truyền Việt Nam | ||
| 650 | |a Rural conditions,Rural development | ||
| 650 | |z Vietnam | ||
| 904 | |i Trúc | ||
| 980 | |a Trung tâm Học liệu Trường Đại học Cần Thơ | ||